000 00273nam a22001217a 4500
008 171023b xxu||||| |||| 00| 0 eng d
041 _aALB
080 _a311
100 _a55
101 _aSTA
245 _aUNIVERSITETI GJILANI STATISTIKA
_cSHKODRA.S
942 _2udc
_cBK
999 _c35519
_d35519